[Event "HUN-chT2 Asztalos 1415"]
[Site "Hungary"]
[Date "2014.10.12"]
[Round "1"]
[White "Taskovits, Istvan"]
[Black "Horvath, Miklos"]
[Result "1-0"]
[WhiteElo "2264"]
[BlackElo "2229"]
[PlyCount "37"]
[EventDate "2014.10.12"]
[EventType "team-tourn"]
[EventRounds "9"]
[EventCountry "HUN"]
[SourceTitle "EXT 2016"]
[Source "ChessBase"]
[SourceDate "2015.10.08"]
[SourceVersion "1"]
[SourceVersionDate "2015.10.08"]
[SourceQuality "1"]
[WhiteTeam "Decs II"]
[BlackTeam "Fehervar"]
[WhiteTeamCountry "HUN"]
[BlackTeamCountry "HUN"]

1. d4 Nf6 2. c4 g6 3. Nc3 d5 4. f3 Bg7 5. e4 dxe4 6. fxe4 e5 7. d5 c6 8. Bg5 h6 9. Bh4 Qa5 10. Qd2 Nbd7 11. a3 c5 12. Bd3 a6 13. Nf3 Rb8 14. 0-0 Nh5 15. Rfb1 Qc7 16. Bc2 Qd6 17. Ba4 0-0 18. b4 Nb6 19. bxc5 1-0

[Event "HUN-chT2 Asztalos 1112"]
[Site "Hungary"]
[Date "2012.02.19"]
[Round "6.1"]
[White "Vrban, Mladen"]
[Black "Taskovits, Istvan"]
[Result "0-1"]
[WhiteElo "2386"]
[BlackElo "2303"]
[PlyCount "48"]
[EventDate "2011.09.25"]
[EventType "team-tourn"]
[EventRounds "11"]
[EventCountry "HUN"]
[SourceTitle "EXT 2013"]
[Source "ChessBase"]
[SourceDate "2012.11.22"]
[SourceVersion "1"]
[SourceVersionDate "2012.11.22"]
[SourceQuality "1"]
[WhiteTeam "Nagyatad"]
[BlackTeam "Decs II"]
[WhiteTeamCountry "HUN"]
[BlackTeamCountry "HUN"]

1. f4 Nf6 2. Nf3 g6 3. g3 Bg7 4. Bg2 0-0 5. 0-0 d6 6. d3 c5 7. e4 Nc6 8. h3 e5 9. f5 gxf5 10. Nh4 f4 11. c3 fxg3 12. Qf3 Nxe4 13. Qxe4 d5 14. Qa4 b5 15. Qxb5 Nd4 16. cxd4 Qxh4 17. Nc3 Bxh3 18. Bg5 Qxd4+ 19. Kh1 Bxg2+ 20. Kxg2 Rab8 21. Qa5 Rxb2+ 22. Kxg3 Qxd3+ 23. Rf3 Qg6 24. Kh4 Rg2 0-1

[Event "HUN-chT 1112"]
[Site "Hungary"]
[Date "2011.10.30"]
[Round "2"]
[White "Balazs, Gabor1"]
[Black "Taskovits, Istvan"]
[Result "1-0"]
[WhiteElo "2435"]
[BlackElo "2303"]
[PlyCount "80"]
[EventDate "2011.09.25"]
[EventType "team-tourn"]
[EventRounds "11"]
[EventCountry "HUN"]
[SourceTitle "EXT 2012"]
[Source "ChessBase"]
[SourceDate "2011.11.24"]
[SourceVersion "1"]
[SourceVersionDate "2011.11.24"]
[SourceQuality "1"]
[WhiteTeam "Paks"]
[BlackTeam "Decs"]
[WhiteTeamCountry "HUN"]
[BlackTeamCountry "HUN"]

1. d4 d5 2. c4 c6 3. Nc3 Nf6 4. e3 e6 5. Nf3 Nbd7 6. Qc2 Bd6 7. b3 0-0 8. Be2 b6 9. Bb2 Bb7 10. 0-0 Qe7 11. Rad1 Rad8 12. Rfe1 Rfe8 13. Bf1 e5 14. dxe5 Nxe5 15. Nxe5 Qxe5 16. g3 dxc4 17. Nd5 cxb3 18. axb3 Qe6 19. Nxf6+ gxf6 20. Bc4 Qe7 21. Rd4 Bc8 22. Rh4 f5 23. Rh5 Bb4 24. Re2 Rd6 25. Bd3 c5 26. e4 f4 27. e5 Rg6 28. e6 Bxe6 29. Bxg6 fxg6 30. Rhe5 Qd7 31. gxf4 Bf7 32. Rxe8+ Bxe8 33. f3 Bf7 34. Qe4 c4 35. Qa8+ Bf8 36. Ba3 Qd1+ 37. Kf2 Qd4+ 38. Kg2 Qg7 39. bxc4 Bxc4 40. Bxf8 Qf7 1-0

[Event "HUN-chT 1011"]
[Site "Hungary"]
[Date "2010.11.20"]
[Round "3"]
[White "Nagy, Ervin"]
[Black "Taskovits, Istvan"]
[Result "1-0"]
[WhiteElo "2345"]
[BlackElo "2291"]
[PlyCount "77"]
[EventDate "2010.10.10"]
[EventType "team-tourn"]
[EventRounds "11"]
[EventCountry "HUN"]
[SourceTitle "EXT 2012"]
[Source "ChessBase"]
[SourceDate "2011.11.24"]
[SourceVersion "1"]
[SourceVersionDate "2011.11.24"]
[SourceQuality "1"]
[WhiteTeam "Honved"]
[BlackTeam "Decs"]
[WhiteTeamCountry "HUN"]
[BlackTeamCountry "HUN"]

1. Nf3 c5 2. c4 Nc6 3. Nc3 g6 4. g3 Bg7 5. Bg2 e5 6. 0-0 Nge7 7. a3 0-0 8. Rb1 d6 9. d3 h6 10. b4 Rb8 11. b5 Nd4 12. Ne1 b6 13. e3 Ndf5 14. Bb2 Bb7 15. Bxb7 Rxb7 16. Ng2 h5 17. Nd5 Nxd5 18. cxd5 Qd7 19. Qb3 Re8 20. Qc4 a6 21. Bc3 a5 22. a4 Rc7 23. Rbc1 Qe7 24. e4 Nh6 25. Bd2 f5 26. Rce1 fxe4 27. dxe4 Qf8 28. f3 Rf7 29. Qe2 Kh7 30. Ne3 Qe7 31. Nc4 Qd8 32. h4 Ng8 33. Bg5 Bf6 34. Qe3 Ref8 35. Kg2 Ne7 36. Bh6 Re8 37. Rf2 Nc8 38. Ref1 Rg8 39. f4 1-0

[Event "HUN-chT 0910"]
[Site "Hungary"]
[Date "2010.02.28"]
[Round "7"]
[White "Bali, Janos"]
[Black "Taskovits, Istvan"]
[Result "1-0"]
[WhiteElo "2264"]
[BlackElo "2315"]
[PlyCount "123"]
[EventDate "2009.11.08"]
[EventType "team-tourn"]
[EventRounds "11"]
[EventCountry "HUN"]
[SourceTitle "EXT 2011"]
[Source "ChessBase"]
[SourceDate "2010.11.26"]
[SourceVersion "1"]
[SourceVersionDate "2010.11.26"]
[SourceQuality "1"]
[WhiteTeam "BEAC"]
[BlackTeam "Decs"]
[WhiteTeamCountry "HUN"]
[BlackTeamCountry "HUN"]

1. d4 d5 2. c4 c6 3. Nf3 Nf6 4. Qc2 g6 5. Bf4 Bf5 6. Qb3 Qb6 7. c5 Qxb3 8. axb3 Na6 9. Bd2 Bg7 10. e3 Nc7 11. b4 a6 12. Bc3 Ne4 13. Nbd2 f6 14. Nxe4 Bxe4 15. Nd2 Bc2 16. Be2 0-0-0 17. 0-0 e5 18. g4 g5 19. Rfc1 Bg6 20. Nf1 e4 21. Ng3 Rde8 22. Kg2 Rhf8 23. Rh1 Kd8 24. Nf5 Bxf5 25. gxf5 Nb5 26. Bd2 Na7 27. h4 h6 28. f3 Nb5 29. fxe4 dxe4 30. Bc4 Nc7 31. Be1 Kd7 32. Ra5 Rh8 33. h5 Bf8 34. Bg3 Be7 35. Bxc7 Kxc7 36. Kf2 Bd8 37. Rg1 Rh7 38. Raa1 Kd7 39. Rad1 Bc7 40. Ke2 Rhe7 41. Kd2 Bh2 42. Rg4 Bc7 43. Kc3 Bb8 44. Kb3 Bc7 45. Rf1 Bb8 46. Be6+ Rxe6 47. fxe6+ Rxe6 48. Kc4 Bc7 49. Rf5 b5+ 50. Kc3 Ke7 51. Rg1 Kf7 52. Kd2 Re8 53. Rgf1 Re6 54. Ra1 Re7 55. Rxa6 Ke6 56. Rf1 f5 57. Rxc6+ Kd5 58. Rxc7 Rxc7 59. Rxf5+ Kc4 60. d5 Ra7 61. c6 Ra2 62. c7 1-0

[Event "HUN-chT 0910"]
[Site "Hungary"]
[Date "2010.01.31"]
[Round "5"]
[White "Taskovits, Istvan"]
[Black "Kiss, Attila"]
[Result "0-1"]
[WhiteElo "2315"]
[BlackElo "2342"]
[PlyCount "50"]
[EventDate "2009.11.08"]
[EventType "team-tourn"]
[EventRounds "11"]
[EventCountry "HUN"]
[SourceTitle "EXT 2011"]
[Source "ChessBase"]
[SourceDate "2010.11.26"]
[SourceVersion "1"]
[SourceVersionDate "2010.11.26"]
[SourceQuality "1"]
[WhiteTeam "Decs"]
[BlackTeam "Haladas"]
[WhiteTeamCountry "HUN"]
[BlackTeamCountry "HUN"]

1. c4 Nf6 2. Nc3 e5 3. g3 Bb4 4. Nf3 Nc6 5. Bg2 0-0 6. 0-0 e4 7. Ng5 Bxc3 8. bxc3 Re8 9. f3 exf3 10. Nxf3 d5 11. d4 Ne4 12. Qc2 dxc4 13. Rb1 h6 14. Ne5 Nxe5 15. Bxe4 Ng4 16. Bh7+ Kh8 17. Rxf7 Rf8 18. Rxf8+ Qxf8 19. Bf4 g5 20. Be5+ Nxe5 21. dxe5 Bh3 22. Qg6 Re8 23. Qh5 Qc5+ 24. Kh1 Qc6+ 25. e4 Kxh7 0-1

[Event "Harkany Tenkes Cup 33rd"]
[Site "Harkany"]
[Date "2009.12.04"]
[Round "9"]
[White "Meszaros, Tamas"]
[Black "Taskovits, Istvan"]
[Result "1-0"]
[WhiteElo "2426"]
[BlackElo "2315"]
[PlyCount "57"]
[EventDate "2009.11.26"]
[EventType "swiss"]
[EventRounds "9"]
[EventCountry "HUN"]
[SourceTitle "EXT 2011"]
[Source "ChessBase"]
[SourceDate "2010.11.26"]
[SourceVersion "1"]
[SourceVersionDate "2010.11.26"]
[SourceQuality "1"]

1. e4 c5 2. Nf3 e6 3. d4 cxd4 4. Nxd4 Nf6 5. Nc3 d6 6. Be2 a6 7. 0-0 Nbd7 8. f4 b5 9. Bf3 Bb7 10. e5 Bxf3 11. Nxf3 dxe5 12. fxe5 Ng4 13. Qe2 Qb6+ 14. Kh1 b4 15. Qe4 Rc8 16. Qxg4 bxc3 17. bxc3 g6 18. Ng5 Nxe5 19. Qf4 Bg7 20. Ba3 f5 21. Rab1 Qc6 22. Qd4 h6 23. Rb6 hxg5 24. Rxc6 Rxc6 25. Qa7 Bf6 26. Rb1 Bd8 27. Qg7 Nf7 28. Rb7 Bc7 29. Qf6 1-0

[Event "Harkany Tenkes Cup 33rd"]
[Site "Harkany"]
[Date "2009.11.27"]
[Round "2"]
[White "Taskovits, Istvan"]
[Black "Sipos, Istvan"]
[Result "1-0"]
[WhiteElo "2315"]
[BlackElo "2490"]
[PlyCount "65"]
[EventDate "2009.11.26"]
[EventType "swiss"]
[EventRounds "9"]
[EventCountry "HUN"]
[SourceTitle "EXT 2011"]
[Source "ChessBase"]
[SourceDate "2010.11.26"]
[SourceVersion "1"]
[SourceVersionDate "2010.11.26"]
[SourceQuality "1"]

1. d4 Nf6 2. c4 c5 3. d5 e6 4. Nc3 exd5 5. cxd5 d6 6. Nf3 g6 7. Bf4 a6 8. a4 Bg7 9. h3 0-0 10. e3 Nh5 11. Bh2 f5 12. Be2 f4 13. 0-0 Bh6 14. Nd2 fxe3 15. Nc4 exf2+ 16. Kh1 Ng7 17. Bxd6 Nf5 18. Bh2 Qh4 19. Qd3 Nd7 20. Ne4 Re8 21. Bg4 Bg7 22. Bxf5 Ne5 23. Bxe5 Bxf5 24. Bxg7 Rxe4 25. Nd6 Kxg7 26. Nxe4 Bxe4 27. Qe3 Re8 28. Kh2 Bxd5 29. Qxe8 Qf4+ 30. Kh1 Bc6 31. Qe7+ Kh6 32. Ra3 g5 33. Qe3 1-0

[Event "HUN-chT 0910"]
[Site "Hungary"]
[Date "2009.11.22"]
[Round "2"]
[White "Emodi, Barnabas"]
[Black "Taskovits, Istvan"]
[Result "0-1"]
[WhiteElo "2366"]
[BlackElo "2315"]
[PlyCount "62"]
[EventDate "2009.11.08"]
[EventType "team-tourn"]
[EventRounds "11"]
[EventCountry "HUN"]
[SourceTitle "EXT 2011"]
[Source "ChessBase"]
[SourceDate "2010.11.26"]
[SourceVersion "1"]
[SourceVersionDate "2010.11.26"]
[SourceQuality "1"]
[WhiteTeam "Penzugyor"]
[BlackTeam "Decs"]
[WhiteTeamCountry "HUN"]
[BlackTeamCountry "HUN"]

1. d4 d5 2. Nf3 Nf6 3. c4 c6 4. e3 e6 5. Nbd2 c5 6. b3 cxd4 7. exd4 Nc6 8. Bb2 b6 9. Rc1 Bb7 10. cxd5 Qxd5 11. Bc4 Qa5 12. 0-0 Be7 13. a3 0-0 14. b4 Qf5 15. Re1 Rfd8 16. Nf1 Bd6 17. Qb3 Ne7 18. Ne5 Bd5 19. Ng3 Qf4 20. Qe3 Qxe3 21. fxe3 Bxc4 22. Rxc4 b5 23. Rcc1 Rac8 24. e4 Bxe5 25. dxe5 Nd7 26. Red1 Nb6 27. Nf1 Nc4 28. Bd4 Nc6 29. Bc5 N4xe5 30. Ne3 f6 31. a4 a6 0-1

[Event "Zalakaros op 27th"]
[Site "Zalakaros"]
[Date "2008.05.29"]
[Round "8"]
[White "Taskovits, Istvan"]
[Black "Bereczki, Janos"]
[Result "1-0"]
[WhiteElo "2347"]
[BlackElo "2191"]
[PlyCount "143"]
[EventDate "2008.05.22"]
[EventType "swiss"]
[EventRounds "9"]
[EventCountry "HUN"]
[SourceTitle "CBM 124 Extra"]
[Source "ChessBase"]
[SourceDate "2008.07.03"]
[SourceVersion "1"]
[SourceVersionDate "2008.07.03"]
[SourceQuality "1"]

1. d4 d5 2. c4 c6 3. Nc3 Nf6 4. Nf3 e6 5. e3 Bd6 6. Bd3 Nbd7 7. 0-0 0-0 8. e4 dxe4 9. Nxe4 Nxe4 10. Bxe4 f5 11. Bc2 e5 12. Bg5 Be7 13. Bxe7 Qxe7 14. Nxe5 Nxe5 15. Re1 Qb4 16. Rxe5 Qxb2 17. Bb3 Kh8 18. Rb1 Qc3 19. c5 Bd7 20. Re3 Qa5 21. Rh3 h6 22. Qh5 Rae8 23. Rf1 Qd2 24. Qd1 Qxd1 25. Rxd1 Be6 26. Kf1 Bxb3 27. Rxb3 Rf7 28. d5 cxd5 29. Rxd5 g6 30. Ra3 Rfe7 31. g3 b6 32. Rd6 Re6 33. Rxa7 bxc5 34. Rdd7 h5 35. Rdc7 Kg8 36. Kg2 c4 37. Rxc4 R8e7 38. Rxe7 Rxe7 39. a4 Re1 40. Rc7 Re4 41. Ra7 f4 42. a5 fxg3 43. hxg3 Rd4 44. f4 g5 45. fxg5 Rg4 46. a6 Ra4 47. Kh3 Kh8 48. Rb7 Rxa6 49. Kh4 Kg8 50. Kxh5 Rc6 51. Re7 Kf8 52. Rh7 Kg8 53. Rh6 Rc3 54. Ra6 Kg7 55. Ra7+ Kf8 56. Kh6 Rxg3 57. Kg6 Rg1 58. Rf7+ Kg8 59. Rb7 Kf8 60. Rb8+ Ke7 61. Rg8 Rg2 62. Kh7 Rg1 63. g6 Rg2 64. Kg7 Rg1 65. Ra8 Rg2 66. Ra4 Re2 67. Rf4 Ke6 68. Kg8 Ke7 69. g7 Rh2 70. Rf1 Rg2 71. Re1+ Kf6 72. Kf8 1-0

[Event "HUN-chT 0708"]
[Site "Hungary"]
[Date "2008.04.27"]
[Round "10"]
[White "Taskovits, Istvan"]
[Black "Ruck, Robert"]
[Result "0-1"]
[WhiteElo "2336"]
[BlackElo "2561"]
[PlyCount "100"]
[EventDate "2007.10.14"]
[EventType "team-tourn"]
[EventRounds "11"]
[EventCountry "HUN"]
[SourceTitle "EXT 2009"]
[Source "ChessBase"]
[SourceDate "2008.11.26"]
[SourceVersion "1"]
[SourceVersionDate "2008.11.26"]
[SourceQuality "1"]
[WhiteTeam "Decs"]
[BlackTeam "Csuti"]
[WhiteTeamCountry "HUN"]
[BlackTeamCountry "HUN"]

1. d4 Nf6 2. c4 g6 3. Nc3 d5 4. Nf3 Bg7 5. Qb3 dxc4 6. Qxc4 0-0 7. Bf4 Na6 8. e3 c6 9. Qb3 Nc7 10. Be5 Ncd5 11. Bc4 Nb6 12. Bd3 Nbd7 13. Rd1 Qb6 14. Qxb6 axb6 15. Bc7 b5 16. a3 Nb8 17. Be5 Be6 18. Ne4 Nbd7 19. Nxf6+ exf6 20. Bd6 Rfe8 21. Kd2 f5 22. Kc1 Bd5 23. Rhg1 Nf6 24. Bb4 Bh6 25. Ne5 f4 26. Bd2 fxe3 27. Bxe3 Bg7 28. g3 Bb3 29. Rde1 Red8 30. Bc2 Bxc2 31. Kxc2 Nd5 32. Nd3 Ra4 33. Nc5 Ra7 34. Nb3 Bf8 35. Bg5 f6 36. Bd2 Kf7 37. Re2 Ra4 38. Rge1 Bd6 39. Bc3 Nxc3 40. bxc3 Rxa3 41. Nc5 Ra7 42. Kb3 b6 43. Nd3 c5 44. Nc1 c4+ 45. Kc2 b4 46. Re6 b3+ 47. Kb1 b5 48. R1e2 b4 49. Kb2 bxc3+ 50. Kxc3 Ba3 0-1

[Event "HUN-chT 0708"]
[Site "Hungary"]
[Date "2008.03.30"]
[Round "9"]
[White "Taskovits, Istvan"]
[Black "Balog, Marton"]
[Result "1/2-1/2"]
[WhiteElo "2336"]
[BlackElo "2288"]
[PlyCount "62"]
[EventDate "2007.10.14"]
[EventType "team-tourn"]
[EventRounds "11"]
[EventCountry "HUN"]
[SourceTitle "EXT 2009"]
[Source "ChessBase"]
[SourceDate "2008.11.26"]
[SourceVersion "1"]
[SourceVersionDate "2008.11.26"]
[SourceQuality "1"]
[WhiteTeam "Decs"]
[BlackTeam "Vasas"]
[WhiteTeamCountry "HUN"]
[BlackTeamCountry "HUN"]

1. d4 Nf6 2. c4 e6 3. Nc3 Bb4 4. Qc2 0-0 5. a3 Bxc3+ 6. Qxc3 b6 7. Bg5 Bb7 8. f3 h6 9. Bh4 d5 10. e3 Nbd7 11. cxd5 Nxd5 12. Bxd8 Nxc3 13. Bh4 Nd5 14. Bf2 c5 15. e4 Ne7 16. Bb5 Bc6 17. Bxc6 Nxc6 18. Ne2 cxd4 19. Nxd4 Nxd4 20. Bxd4 Rac8 21. 0-0 Rfd8 22. Rac1 f6 23. Rfd1 Kf7 24. Kf2 Ke7 25. Ke2 Nb8 26. Rxc8 Rxc8 27. Bc3 e5 28. Rd5 Nc6 29. g3 Ke6 30. f4 g6 31. h3 Rd8 1/2-1/2

[Event "HUN-chT 0708"]
[Site "Hungary"]
[Date "2008.03.02"]
[Round "7"]
[White "Taskovits, Istvan"]
[Black "Ruck, Tamas"]
[Result "1/2-1/2"]
[WhiteElo "2336"]
[BlackElo "2343"]
[PlyCount "82"]
[EventDate "2007.10.14"]
[EventType "team-tourn"]
[EventRounds "11"]
[EventCountry "HUN"]
[SourceTitle "EXT 2009"]
[Source "ChessBase"]
[SourceDate "2008.11.26"]
[SourceVersion "1"]
[SourceVersionDate "2008.11.26"]
[SourceQuality "1"]
[WhiteTeam "Decs"]
[BlackTeam "Haladas"]
[WhiteTeamCountry "HUN"]
[BlackTeamCountry "HUN"]

1. d4 d5 2. c4 dxc4 3. e4 Nf6 4. e5 Nd5 5. Bxc4 Nb6 6. Bd3 Nc6 7. Be3 Nb4 8. Be4 c6 9. Nc3 N4d5 10. Nf3 g6 11. Bd2 Bg7 12. 0-0 0-0 13. Qb3 Nc7 14. Qc2 Bg4 15. Be3 f5 16. exf6 exf6 17. h3 Be6 18. Rad1 Ncd5 19. Rfe1 Qd7 20. Na4 Nxa4 21. Qxa4 Rfe8 22. Bb1 Bf8 23. Bd2 Nb6 24. Qc2 Bd5 25. Qd3 Nc4 26. Bc3 Bh6 27. Nh2 Rxe1+ 28. Rxe1 Re8 29. Rxe8+ Qxe8 30. Ng4 Bg7 31. Ne3 Nxe3 32. Qxe3 Kf7 33. Qxe8+ Kxe8 34. a3 f5 35. f4 c5 36. dxc5 Bxc3 37. bxc3 Kd7 38. Kf2 Kc6 39. g4 Be6 40. g5 Kxc5 41. Ke3 b6 1/2-1/2